000 00553nam a2200205Ia 4500
005 20220921100103.0
008 131103s9999 xx 000 0 und d
020 _cRs.10
040 _aLoreto College
041 _aEnglish
082 _a954.02
_bDAT
100 _aDatta,Kalinkar
245 4 _aThe Dutch in Bengal and Bihar 1740 - 1825 A.D.
_cKalikinkar Datta
260 _aPatna
_bUniversity Of Patna
_c1948
300 _a273 p.
504 _aIncludes index and bibliographical references
650 _aHistory
850 _aLCLIB
942 _cBK
999 _c9401
_d59880